Турците и техните жени | Султанът и неговият харем (Запис номер 87519)
[ съкратено ]
| 000 -Лидер | |
|---|---|
| Контролно поле с фиксирана дължина | 01691nam a2200397 c 4500 |
| 003 - Код на организацията, давaща контролен номер | |
| Контролно поле | BLK |
| 005 - Дата и час на последна редакция | |
| Контролно поле | 20240126132336.0 |
| 008 - Елементи от данни с фиксирана дължина | |
| fixed length control field | 180408b bul|||||r ||||||| ||bul|| |
| 010 ## - Наследен системен номер | |
| LC control number | KNG00092162000 |
| 020 ## - Международен стандартен номер на книга ISBN | |
| Международен стандартен номер на книга ISBN | 978-954-321-484-6 |
| -- | издат.: Изток-Запад |
| 040 ## - Източник на каталожния запис | |
| Идентификатор на билиотеката - собственик на записа | BLK |
| 041 ## - Код за език | |
| Код за езика на текст/звукозапис или на отделно заглавие | Български |
| Код за езика КДБФ | Български |
| 080 ## - УДК | |
| Текстов определител УДК | Етнология. Етнография. Нрави. Обичаи. Бит. Фолклористика. Вж и 572 ; 903 ; 904 |
| УДК код - определител по УДК | 39 |
| УДК определител | (560)(091) |
| УДК - код + определител | 39(560)(091) |
| 100 1# - Редна дума - Автор | |
| Автор | Осман бей |
| Авторска отговорност | първи автор |
| R(LIN) | 302756 |
| 139 ## - Редно поле | |
| Редна дума | Осман бей |
| Авторски знак | Осм - О 82 |
| 245 10 - Сведения за заглавието | |
| Заглавие | Турците и техните жени |
| Редно поле (дума) | Осман бей; прев. от рус. Екатерина Василева Солнцева-Накова. |
| 245 10 - Сведения за заглавието | |
| Заглавие | Султанът и неговият харем |
| Подзаглавни данни | |
| Редно поле (дума) | |
| 257 ## - Страна на издаване | |
| Страна на създаване/издаване | Турция |
| 260 ## - Област на издателските данни | |
| -- | София |
| Име на издателя, разпространителя и проч. | Изток-Запад |
| Година на издаване | 2008 |
| 300 ## - Физическа характеристика | |
| Страници | 192 с. |
| Размери/Мащаб | 22 см |
| 380 ## - Жанр | |
| Жанр | Обществени науки |
| 500 ## - Общи забележки | |
| Забележка | Без сведение за ориг. загл. ; Прев. по Турки и их женщины. Султан и его гарем / Осман бей |
| 650 #4 - Допълнително описание по предмет – тема | |
| Основно описание – тема или топоним | Турци - бит - история |
| 9 (RLIN) | 302757 |
| 650 #4 - Допълнително описание по предмет – тема | |
| Основно описание – тема или топоним | Жени - положение в семейството |
| 9 (RLIN) | 302758 |
| 653 ## - Ключова дума – ненормативна | |
| Ключова дума | турци |
| 653 ## - Ключова дума – ненормативна | |
| Ключова дума | бит |
| 653 ## - Ключова дума – ненормативна | |
| Ключова дума | жени |
| 653 ## - Ключова дума – ненормативна | |
| Ключова дума | семейни отношения |
| 700 1# - Други автори (авторска отговорност) | |
| Лично име | Солнцева-Накова, Екатерина Василева |
| Автороска отговорност (Описва отношението между автора и произведението) | прев. от рус. |
| 9 (RLIN) | 122084 |
| 852 ## - Местоположение | |
| Форматна сигнатура | Цб 245797 |
| 856 4# - Електронен адрес и достъп | |
| Електронен формат | pdf - файл |
| Път до файла /url/ | |
| 856 4# - Електронен адрес и достъп | |
| Електронен формат | pdf - файл |
| Път до файла /url/ | |
| 942 ## - АРТИКУЛИ | |
| Вид на библиотечния материал | Книги |
| Скрит в OPAC | Не |
| Koha issues (borrowed), all copies | 1 |
| 944 ## - СЪЗДАВАНЕ И РЕДАКЦИЯ на ЗАПИСА | |
| Създаване/Редакция | Създаване |
| Дата на регистрацията/редакция | 22.10.2009 |
| Служител, извършил регистрацията/редакцията | 30531 |
| Статус, дата на статуса | Цветелина Шанова |
| 944 ## - СЪЗДАВАНЕ И РЕДАКЦИЯ на ЗАПИСА | |
| Създаване/Редакция | Редакция |
| Дата на регистрацията/редакция | 22.10.2009 |
| Служител, извършил регистрацията/редакцията | |
| 999 ## - СИСТЕМНИ КОНТРОЛНИ НОМЕРА | |
| Koha biblionumber | 87519 |
| Koha biblioitemnumber | 87519 |
| Код за отписване | Код за изгубен артикул | Код за повреда | Коз за рестрикции | Код за отдаване | Артикулен № | Име на библиотеката - собственик | Име на библиотеката, в която се намира в момента | Статус (Текущо местоположение) | Дата на вписване в системата | Местоположение - отдел | Цена в лева | Инвентарен номер | Систематично азбучна сигнатура | Баркод | Номер на екземпляра | Цена в евро | Служебна бележка | Служебен тип на артикула | Източник на класификационната схема |
|---|---|---|---|---|---|---|---|---|---|---|---|---|---|---|---|---|---|---|---|
| Не е изгубен | Не е повреден | без рестрикции | ползва се в читалня | 141666 | Регионална библиотека "Любен Каравелов" Русе | Регионална библиотека "Любен Каравелов" Русе | Хранилище | 2009-10-21 | Хранилище | 11.00 | 120000739205 | Цб 245797 | 120000739205 | 1 | 5.62 | Дост: Dp Вид: Д N: 19 Дата: 29.04.2009 | Книги | ||
| Не е изгубен | Не е повреден | заемане за дома | 933787 | Регионална библиотека "Любен Каравелов" Русе | Регионална библиотека "Любен Каравелов" Русе | Заемна - подръчен фонд | 2023-10-02 | Заемна - подръчен фонд | 11.00 | 120000892954 | 39/О-82 | 120000892954 | 5.62 | Книги | Universal Decimal Classification |